Queene Elizabeths bishops : or, a briefe declaration of the wickednesse of the generality of those bishops of England that lived in the purest times of King Edward the sixth, and Queen Eiizabeth [sic], and some things concerning ours. Writ of purpose to keepe the Kings good subjects from being cheated of their loyalty, honesty, peace, wealth, religion, God and salvation, all which they had like to have lost of late.

Bibliographic Details
Format: eBook
Language:English
Published: London : [publisher not identified], printed 1642.
Series:Early English books online.
Subjects:
Online Access:Connect to the full text of this electronic book

MARC

Tag First Indicator Second Indicator Subfields
LEADER 00000nam a2200000 4500
001 in00004338321
005 20200812100015.0
006 m g d
007 cr bn |||a|bb|
008 851219s1642 enk o 00| | eng d
035 |a (UnM)99859334 
037 |a CL0051000001  |b ProQuest Information and Learning. 300 N. Zeeb Rd., Ann Arbor, MI 48106 
040 |a Cu-RivES  |c Cu-RivES  |d CStRLIN  |e dcrb  |d WaOLN 
245 0 0 |a Queene Elizabeths bishops :  |b or, a briefe declaration of the wickednesse of the generality of those bishops of England that lived in the purest times of King Edward the sixth, and Queen Eiizabeth [sic], and some things concerning ours. Writ of purpose to keepe the Kings good subjects from being cheated of their loyalty, honesty, peace, wealth, religion, God and salvation, all which they had like to have lost of late. 
246 2 |a Briefe declaration of the wickednesse of the generality of those bishops of England that lived in the purest times of King Edward the sixth, and Queen Elizabeth, and some things concerning ours 
260 |a London :  |b [publisher not identified],  |c printed 1642. 
300 |a 1 online resource ([2], 13, [1] pages) 
336 |a text  |b txt  |2 rdacontent 
337 |a computer  |b c  |2 rdamedia 
338 |a online resource  |b cr  |2 rdacarrier 
500 |a Reproduction of the original in the British Library. 
510 4 |a Wing (2nd edition)  |c Q152. 
510 4 |a Thomason  |c E. 180[23] 
533 |a Electronic reproduction.  |b Ann Arbor, Mich. :  |c UMI,  |d 1999-  |f (Early English books online)  |n Digital version of: (Thomason Tracts ; 31:E180[23])  |7 s1999 miun s 
610 2 0 |a Church of England  |x Bishops  |v Early works to 1800. 
650 0 |a Episcopacy  |v Early works to 1800. 
830 0 |a Early English books online. 
856 4 0 |u http://proxy.library.tamu.edu/login?url=https://search.proquest.com/docview/2240884193  |z Connect to the full text of this electronic book  |t 0 
999 f f |s ab97bf4c-329b-35f1-b9b3-9d0572780a1d  |i 597ab414-2022-3e9d-a6de-6aa11beaacf4  |t 0 
952 f f |a Texas A&M University  |b College Station  |c Electronic Resources  |d Available Online  |t 0  |h No information provided 
998 f f |t 0  |l Available Online